|
|
|
|
| LEADER |
01183nam a2200241 a 4500 |
| 003 |
GR-PaULI |
| 005 |
20190924090421.0 |
| 008 |
000417s2000 enka f b 001 0 eng d |
| 952 |
|
|
|0 0
|1 0
|2 ddc
|4 0
|6 363_690000000000000_CAP
|7 0
|9 235349
|a LISA
|b LISA
|c BSC
|d 2019-09-23
|i 2370
|l 0
|o 363.69 CAP
|p 025000263710
|r 2019-09-23 00:00:00
|t 1
|w 2019-09-23
|y BK15
|
| 999 |
|
|
|c 142609
|d 142609
|
| 020 |
|
|
|a 0415188814 (pbk.)
|
| 040 |
|
|
|a GR-PaULI
|b gre
|c GR-PaULI
|d GR-AiPI
|e AACR2
|
| 082 |
0 |
4 |
|a 363.69
|2 23
|
| 100 |
1 |
|
|a Caple, Chris,
|d 1958-
|9 177973
|e συγγραφέας.
|
| 245 |
1 |
0 |
|a Conservation skills :
|b judgement, method, and decision making /
|c Chris Caple.
|
| 260 |
|
|
|a London ;
|a New York :
|b Routledge,
|c 2000.
|
| 300 |
|
|
|a xiv, 232 σ. :
|b εικ. ;
|c 26 εκ.
|
| 504 |
|
|
|a Περιλαμβάνει βιβλιογραφικές αναφορές (σ. [207]-222) και ευρετήριο.
|
| 650 |
|
4 |
|a Αρχαιότητες
|x Συλλογή και συντήρηση
|9 21643
|
| 650 |
|
4 |
|a Τέχνη
|x Συντήρηση και αποκατάσταση
|9 76601
|
| 650 |
|
4 |
|a Πολιτιστική κληρονομιά
|x Προστασία
|9 78990
|
| 942 |
|
|
|2 ddc
|c BK15
|
| 998 |
|
|
|c ΜΙΧΟΣΤΑΥΡΟΥ
|d 2019-09
|